| 000 | 00383nam a2200145 a 4500 | ||
|---|---|---|---|
| 001 | 3437 | ||
| 003 | CDMR | ||
| 005 | 20130116135244.0 | ||
| 008 | 130130s2004||||||||||||||||||||||||||||d | ||
| 040 |
_aCDMR _bcat _cCPC GIRONA |
||
| 100 | 1 |
_aEscarabajal, Isabel _92478 |
|
| 245 | 1 | 0 |
_aSiglas y abreviaturas de uso en medicina _cEscarabajal, Isabel |
| 260 |
_c2004 _bNexus Médica |
||
| 942 | _cMON | ||
| 999 |
_c3437 _d3437 |
||